[Event "9.Open Internacional de Sants"]
[Site "Barcelona ESP"]
[Date "2007.08.27"]
[Round "4.2"]
[White "Salgado Lopez, Ivan"]
[Black "Moskalenko, Viktor"]
[Result "1/2-1/2"]
[WhiteElo "2456"]
[BlackElo "2560"]
[PlyCount "82"]
[EventDate "2007.08.24"]
[EventType "swiss"]
[EventRounds "10"]
[EventCountry "ESP"]
[Source "lmi"]
[SourceDate "2007.08.24"]

1. e4 e6 2. d4 d5 3. Nc3 Bb4 4. e5 Qd7 5. a3 Bf8 6. Nf3 b6 7. b4 c6 8. Rb1 Ba6
9. b5 Bb7 10. Bd3 c5 11. O-O c4 12. Be2 Ne7 13. a4 h6 14. g3 Qd8 15. Nh4 g6 16.
Re1 Nd7 17. Bf1 Bg7 18. Ba3 O-O 19. Bh3 Re8 20. Ng2 a6 21. Bd6 Nc8 22. Bb4 axb5
23. axb5 Bf8 24. Bxf8 Nxf8 25. Qd2 Kg7 26. Ne3 Ne7 27. Bg2 Qd7 28. Ng4 Ng8 29.
Ra1 Qe7 30. Ne3 h5 31. h4 Nh6 32. Reb1 Qd7 33. Na4 Qc7 34. Nc3 Qd7 35. Qc1 Nf5
36. Nxf5+ exf5 37. Rxa8 Rxa8 38. Ra1 Qd8 39. Ne2 Ne6 40. c3 Rxa1 41. Qxa1 Qa8
1/2-1/2

[Event "9.Open Internacional de Sants"]
[Site "Barcelona ESP"]
[Date "2007.08.27"]
[Round "4.3"]
[White "Sulashvili, Malkhaz"]
[Black "Gonzalez Garcia, Jose"]
[Result "1-0"]
[WhiteElo "2437"]
[BlackElo "2540"]
[PlyCount "119"]
[EventDate "2007.08.24"]
[EventType "swiss"]
[EventRounds "10"]
[EventCountry "ESP"]
[Source "lmi"]
[SourceDate "2007.08.24"]

1. d4 Nf6 2. Nf3 d5 3. c4 e6 4. Nc3 Bb4 5. cxd5 exd5 6. Bg5 Nbd7 7. e3 c5 8.
Bd3 Qa5 9. O-O c4 10. Bf5 Bxc3 11. bxc3 Qxc3 12. Bxf6 Nxf6 13. Qa4+ Bd7 14.
Bxd7+ Nxd7 15. Qb5 Qa3 16. Qxd5 Qa6 17. Ng5 Qg6 18. Qxb7 O-O 19. Qxd7 Qxg5 20.
Rfc1 Rfc8 21. Rab1 Qa5 22. Rb7 Rf8 23. Rc7 Qxa2 24. R7xc4 a5 25. Qa4 Qb2 26.
Qc2 Qb7 27. Rb1 Qd7 28. Qa4 Rfb8 29. Rbc1 Qd8 30. h3 h6 31. Ra1 Rb2 32. Qc6
Rab8 33. Rc2 Rb1+ 34. Rxb1 Rxb1+ 35. Kh2 Qb8+ 36. Qc7 Qxc7+ 37. Rxc7 a4 38. Ra7
Ra1 39. Kg3 g5 40. Kf3 Ra2 41. g4 Kg7 42. Ra6 a3 43. d5 Rd2 44. Ke4 a2 45. f3
f6 46. Ra7+ Kg6 47. f4 gxf4 48. exf4 Re2+ 49. Kf3 Rd2 50. h4 h5 51. f5+ Kh6 52.
g5+ fxg5 53. Ra6+ Kg7 54. hxg5 Rxd5 55. Ra7+ Kf8 56. Ke4 Rd2 57. f6 Rg2 58. Kf5
h4 59. Ra8+ Kf7 60. g6+ 1-0

[Event "9.Open Internacional de Sants"]
[Site "Barcelona ESP"]
[Date "2007.08.27"]
[Round "4.4"]
[White "Sulskis, Sarunas"]
[Black "Akesson, Ralf"]
[Result "1-0"]
[WhiteElo "2537"]
[BlackElo "2477"]
[PlyCount "67"]
[EventDate "2007.08.24"]
[EventType "swiss"]
[EventRounds "10"]
[EventCountry "ESP"]
[Source "lmi"]
[SourceDate "2007.08.24"]

1. e4 c6 2. d4 d5 3. e5 Bf5 4. Nc3 h5 5. Bg5 f6 6. Bf4 g5 7. Be3 e6 8. Be2 fxe5
9. Bxh5+ Kd7 10. Nf3 Bg7 11. g4 exd4 12. Bxd4 Bxd4 13. Qxd4 Qf6 14. O-O-O Qxd4
15. Nxd4 Nf6 16. gxf5 e5 17. Nxc6 bxc6 18. Be2 Rh4 19. f3 Ke7 20. Rdg1 Nh7 21.
Rg4 Nd7 22. Rxh4 gxh4 23. Rg1 Nhf6 24. Rg7+ Kd6 25. Nd1 Rg8 26. Rg6 Rxg6 27.
fxg6 Nh5 28. Ne3 Ke6 29. f4 Nhf6 30. Bg4+ Nxg4 31. f5+ Ke7 32. Nxg4 e4 33. Kd2
d4 34. b4 1-0

[Event "9.Open Internacional de Sants"]
[Site "Barcelona ESP"]
[Date "2007.08.27"]
[Round "4.5"]
[White "Gullaksen, Eirik"]
[Black "Pinter, Jozsef"]
[Result "0-1"]
[WhiteElo "2404"]
[BlackElo "2535"]
[PlyCount "110"]
[EventDate "2007.08.24"]
[EventType "swiss"]
[EventRounds "10"]
[EventCountry "ESP"]
[Source "lmi"]
[SourceDate "2007.08.24"]

1. e4 e5 2. Nf3 Nc6 3. Nc3 Nf6 4. a3 g6 5. Nxe5 Nxe5 6. d4 Nc6 7. d5 Bg7 8.
dxc6 bxc6 9. Bd3 O-O 10. O-O d6 11. Bg5 Qe8 12. Qd2 Rb8 13. Rab1 Qe5 14. Bf4
Qe7 15. Bh6 Bxh6 16. Qxh6 Ng4 17. Qd2 Qe5 18. f4 Qd4+ 19. Kh1 d5 20. h3 Nf6 21.
Qf2 Qxf2 22. Rxf2 Re8 23. e5 Nd7 24. Na4 c5 25. Rd1 c4 26. Be2 c6 27. Bg4 Nf8
28. Bxc8 Rexc8 29. g4 Re8 30. Re1 f6 31. Rfe2 fxe5 32. Rxe5 Rxe5 33. Rxe5 Kf7
34. Re2 Rb5 35. Kg2 Ne6 36. Kg3 d4 37. Re5 g5 38. Rf5+ Rxf5 39. gxf5 Nxf4 40.
Nc5 Kf6 41. Ne4+ Kxf5 42. Nd6+ Ke6 43. Nxc4 Kd5 44. b3 h6 45. Kg4 c5 46. Nd2
Ke5 47. b4 cxb4 48. axb4 Nd5 49. b5 Ne3+ 50. Kh5 Nxc2 51. Kxh6 Kf4 52. Nc4 d3
53. b6 axb6 54. Nxb6 Ne3 55. Na4 d2 0-1

[Event "9.Open Internacional de Sants"]
[Site "Barcelona ESP"]
[Date "2007.08.27"]
[Round "4.6"]
[White "Luther, Thomas"]
[Black "Gonzalez, Renier"]
[Result "1/2-1/2"]
[WhiteElo "2529"]
[BlackElo "2456"]
[PlyCount "71"]
[EventDate "2007.08.24"]
[EventType "swiss"]
[EventRounds "10"]
[EventCountry "ESP"]
[Source "lmi"]
[SourceDate "2007.08.24"]

1. e4 d5 2. exd5 Qxd5 3. Nc3 Qa5 4. d4 Nf6 5. Bc4 c6 6. Nf3 Bf5 7. Bd2 e6 8.
Nh4 Bg6 9. Nxg6 hxg6 10. Qe2 Bb4 11. O-O-O Nbd7 12. Kb1 O-O-O 13. a3 Bxc3 14.
Bxc3 Qc7 15. h3 Nb6 16. Bb3 Qf4 17. Rd3 Qe4 18. Re1 Qxe2 19. Rxe2 Rh4 20. g3
Re4 21. Rxe4 Nxe4 22. Be1 Rh8 23. f3 Nd6 24. h4 Nbc4 25. g4 b5 26. Bg3 Kd7 27.
c3 Nb6 28. Rd1 Ndc4 29. Kc1 a5 30. Re1 a4 31. Bc2 Nd5 32. Bd3 Rh6 33. Rh1 Rh8
34. Rh2 Rh6 35. Re2 Rh8 36. Rh2 1/2-1/2

[Event "9.Open Internacional de Sants"]
[Site "Barcelona ESP"]
[Date "2007.08.27"]
[Round "4.7"]
[White "Hernando Rodrigo, Julio Antonio"]
[Black "Almeida Quintana, Omar"]
[Result "1-0"]
[WhiteElo "2361"]
[BlackElo "2501"]
[PlyCount "97"]
[EventDate "2007.08.24"]
[EventType "swiss"]
[EventRounds "10"]
[EventCountry "ESP"]
[Source "lmi"]
[SourceDate "2007.08.24"]

1. d4 Nf6 2. c4 c5 3. d5 e6 4. Nc3 exd5 5. cxd5 d6 6. Nf3 a6 7. a4 g6 8. Bf4
Bg7 9. h3 O-O 10. Nd2 Nh5 11. Bh2 f5 12. Nc4 f4 13. Ne4 Nd7 14. Nexd6 Nb6 15.
Qd2 Bd4 16. Nxb6 Qxb6 17. e3 Qxd6 18. exd4 Qxd5 19. dxc5 Re8+ 20. Be2 Be6 21.
Qxd5 Bxd5 22. O-O-O Rxe2 23. Rxd5 Rxf2 24. Rd2 Rxd2 25. Kxd2 Rd8+ 26. Kc3 Rd5
27. b4 g5 28. Rb1 Nf6 29. Kc4 Rd2 30. h4 h6 31. hxg5 hxg5 32. b5 axb5+ 33. axb5
Rxg2 34. Bg1 Rc2+ 35. Kd3 Rg2 36. Bd4 Nd5 37. Ke4 Ne7 38. c6 Nxc6 39. bxc6 bxc6
40. Kf5 Kf7 41. Rb7+ Ke8 42. Ke6 f3 43. Kf5 Kf8 44. Rb1 Ke8 45. Kg6 Kf8 46. Bf6
Ke8 47. Rd1 Kf8 48. Rb1 Re2 49. Rh1 1-0

[Event "9.Open Internacional de Sants"]
[Site "Barcelona ESP"]
[Date "2007.08.27"]
[Round "4.8"]
[White "Bromberger, Stefan"]
[Black "Vila Gazquez, Javier"]
[Result "1/2-1/2"]
[WhiteElo "2500"]
[BlackElo "2429"]
[PlyCount "63"]
[EventDate "2007.08.24"]
[EventType "swiss"]
[EventRounds "10"]
[EventCountry "ESP"]
[Source "lmi"]
[SourceDate "2007.08.24"]

1. e4 c5 2. Nf3 Nc6 3. d4 cxd4 4. Nxd4 Qc7 5. Nc3 e6 6. Be3 a6 7. Qd2 Nf6 8.
O-O-O Bb4 9. f3 Ne7 10. Nde2 b5 11. Kb1 Ba5 12. Bf4 e5 13. Bg5 b4 14. Na4 h6
15. Bxf6 gxf6 16. Qd6 Qxd6 17. Rxd6 Bc7 18. Rd2 f5 19. Ng3 d6 20. b3 h5 21.
exf5 Nxf5 22. Ne4 Ke7 23. c3 a5 24. Bb5 Rg8 25. Rc1 Bd8 26. Bc6 Rb8 27. Nb2 Be6
28. cxb4 axb4 29. Nc4 Nd4 30. Ne3 Bb6 31. Nd5+ Bxd5 32. Bxd5 1/2-1/2

[Event "9.Open Internacional de Sants"]
[Site "Barcelona ESP"]
[Date "2007.08.27"]
[Round "4.9"]
[White "Fluvia Poyatos, Jordi"]
[Black "Alsina Leal, Daniel"]
[Result "0-1"]
[WhiteElo "2495"]
[BlackElo "2416"]
[PlyCount "106"]
[EventDate "2007.08.24"]
[EventType "swiss"]
[EventRounds "10"]
[EventCountry "ESP"]
[Source "lmi"]
[SourceDate "2007.08.24"]

1. e4 c5 2. Nf3 d6 3. d4 cxd4 4. Nxd4 Nf6 5. Nc3 a6 6. Be3 e5 7. Nf3 Be7 8. Bc4
O-O 9. O-O Be6 10. Bb3 Nc6 11. Bg5 Nd7 12. Bxe7 Qxe7 13. Nd5 Qd8 14. Qe2 Nc5
15. Rfd1 Kh8 16. c3 f5 17. exf5 Bxf5 18. Ne3 Bd3 19. Qd2 e4 20. Ne1 Qh4 21. Bd5
Ne5 22. g3 Qh3 23. f4 exf3 24. Qf2 Be2 25. b4 Ncd3 26. Nxd3 Nxd3 27. Rxd3 Bxd3
28. Bxb7 Ra7 29. Bxf3 Raf7 30. Bg2 Qxh2+ 31. Kxh2 Rxf2 32. Rd1 Be4 33. Rxd6 Re2
34. Rxa6 h5 35. Kh3 Rxe3 36. Bxe4 Rxe4 37. b5 Rb8 38. a4 Kg8 39. b6 Rc4 40. a5
Rxc3 41. Ra7 Rb3 42. Kh4 Rb5 43. g4 hxg4 44. Kxg4 Kh7 45. Kf4 Kh6 46. Ke4 g5
47. Kd4 g4 48. Kc4 g3 49. Kxb5 g2 50. Rc7 g1=Q 51. b7 Qa7 52. a6 Rg8 53. Rc6+
Rg6 0-1

[Event "9.Open Internacional de Sants"]
[Site "Barcelona ESP"]
[Date "2007.08.27"]
[Round "4.10"]
[White "Groffen, Hans"]
[Black "Karlsson, Lars"]
[Result "1-0"]
[WhiteElo "2147"]
[BlackElo "2493"]
[PlyCount "119"]
[EventDate "2007.08.24"]
[EventType "swiss"]
[EventRounds "10"]
[EventCountry "ESP"]
[Source "lmi"]
[SourceDate "2007.08.24"]

1. d4 e6 2. Nf3 f5 3. g3 Nf6 4. Bg2 d5 5. c4 c6 6. O-O Bd6 7. b3 Qe7 8. Nbd2
Nbd7 9. Bb2 Ne4 10. Ne5 Nxd2 11. Qxd2 O-O 12. e3 a5 13. Nxd7 Bxd7 14. c5 Bc7
15. f4 g5 16. Bf3 Rf7 17. a3 Rg7 18. Kf2 Be8 19. b4 h5 20. Bc3 a4 21. Be2 h4
22. Rh1 Qf6 23. Rag1 Qh6 24. Qd1 Kf8 25. Ke1 Ke7 26. Kd2 Bf7 27. Kc1 Rag8 28.
Kb2 gxf4 29. exf4 Qf6 30. Qe1 b5 31. cxb6 Bxb6 32. Qf2 Kd7 33. Bd1 Kc7 34. gxh4
Rxg1 35. Rxg1 Rxg1 36. Qxg1 Kd7 37. Qg5 Qh8 38. Qg1 Qxh4 39. Qg3 Qh8 40. Qf2
Qh3 41. Bxa4 Be8 42. Bc2 Qh8 43. Bd3 Kc7 44. Bf1 Bd7 45. Qd2 Kb7 46. h3 Ka7 47.
Qd3 Bc8 48. a4 Qh4 49. Qe3 Bc7 50. Bd2 Bd6 51. b5 cxb5 52. Bxb5 Bc7 53. Qc3 Qe7
54. Qc6 Kb8 55. Kb3 Qg7 56. Qc3 Bb6 57. a5 Bxd4 58. Qb4 Ka7 59. Bc3 Qg8 60.
Bxd4+ 1-0

[Event "9.Open Internacional de Sants"]
[Site "Barcelona ESP"]
[Date "2007.08.27"]
[Round "4.11"]
[White "Lapshun, Yury"]
[Black "Eisenbeiser, Amadeus"]
[Result "1/2-1/2"]
[WhiteElo "2479"]
[BlackElo "2367"]
[PlyCount "92"]
[EventDate "2007.08.24"]
[EventType "swiss"]
[EventRounds "10"]
[EventCountry "ESP"]
[Source "lmi"]
[SourceDate "2007.08.24"]

1. b4 d5 2. Bb2 Nf6 3. e3 c6 4. c4 Bg4 5. Be2 Bxe2 6. Qxe2 dxc4 7. Bxf6 gxf6 8.
Qxc4 Qd5 9. Qxd5 cxd5 10. Nf3 e6 11. a3 Nc6 12. Nc3 Bd6 13. Ke2 Kd7 14. Rhc1
Rac8 15. g3 Rhg8 16. d4 b6 17. Rc2 Ne7 18. Rac1 Rc6 19. Kd3 Rgc8 20. Nd2 Nf5
21. Nb5 Rxc2 22. Rxc2 Rxc2 23. Kxc2 Bb8 24. Nc3 Nd6 25. b5 f5 26. a4 Ne4 27. f3
Nxd2 28. Kxd2 Kd6 29. Ne2 Ke7 30. Nc1 f6 31. Kc3 e5 32. Nb3 h5 33. a5 bxa5 34.
Nxa5 f4 35. exf4 exf4 36. g4 hxg4 37. fxg4 f3 38. Kd3 Bxh2 39. Nc6+ Kd7 40.
Nxa7 Kc7 41. Nc6 Bd6 42. Ke3 Kb6 43. Kxf3 Kxb5 44. Nd8 Kc4 45. Ke3 Bh2 46. Ne6
Kc3 1/2-1/2

[Event "9.Open Internacional de Sants"]
[Site "Barcelona ESP"]
[Date "2007.08.27"]
[Round "4.12"]
[White "Nijboer, Friso"]
[Black "Eggleston, David J"]
[Result "1-0"]
[WhiteElo "2568"]
[BlackElo "2330"]
[PlyCount "89"]
[EventDate "2007.08.24"]
[EventType "swiss"]
[EventRounds "10"]
[EventCountry "ESP"]
[Source "lmi"]
[SourceDate "2007.08.24"]

1. e4 c5 2. Nf3 d6 3. d4 cxd4 4. Nxd4 Nf6 5. Nc3 a6 6. Be2 e5 7. Nb3 Be7 8. O-O
O-O 9. Kh1 b6 10. f3 Bb7 11. Be3 Nbd7 12. a4 Qc7 13. Rf2 Rad8 14. Qf1 Qc8 15.
Bc4 Nc5 16. Rd2 Rd7 17. Nc1 Rc7 18. b3 Rd8 19. N1a2 a5 20. Rad1 Rcd7 21. Qe2
Qa8 22. Nd5 Nxd5 23. Bxd5 Bxd5 24. Rxd5 Qc6 25. Qc4 g6 26. Nc3 Kg7 27. Nb5 Qb7
28. Qc3 Ne6 29. Qd2 Qc6 30. Qf2 Nc5 31. Na3 f6 32. Qd2 Ne6 33. Nc4 Rb7 34. Qf2
Nc7 35. Bxb6 Nxd5 36. exd5 Qc8 37. Nxa5 Rxb6 38. Qxb6 Qxc2 39. Rg1 Qc8 40. Nc6
Rd7 41. a5 Rb7 42. Qa6 Qc7 43. b4 Qd7 44. Qd3 f5 45. a6 1-0

[Event "9.Open Internacional de Sants"]
[Site "Barcelona ESP"]
[Date "2007.08.27"]
[Round "4.13"]
[White "Narciso Dublan, Marc"]
[Black "Ozeren, Kemal"]
[Result "1-0"]
[WhiteElo "2552"]
[BlackElo "2312"]
[PlyCount "65"]
[EventDate "2007.08.24"]
[EventType "swiss"]
[EventRounds "10"]
[EventCountry "ESP"]
[Source "lmi"]
[SourceDate "2007.08.24"]

1. d4 d5 2. c4 c6 3. Nf3 Nf6 4. Qc2 g6 5. Bf4 Bf5 6. Qb3 Qb6 7. Nbd2 Nbd7 8. h3
Bg7 9. c5 Qxb3 10. axb3 Ne4 11. b4 Nxd2 12. Kxd2 Be4 13. Ne5 g5 14. Bg3 f6 15.
Nxd7 Kxd7 16. h4 h6 17. hxg5 hxg5 18. Rxh8 Bxh8 19. e3 e5 20. f3 Bf5 21. b5
cxb5 22. Bxb5+ Kc7 23. dxe5 fxe5 24. Rh1 Bg7 25. Rh5 Bf6 26. f4 Rh8 27. fxe5
Rxh5 28. exf6+ Kd8 29. f7 Ke7 30. Be8 Rh8 31. Bd6+ Kd8 32. Ba4 Be4 33. g3 1-0

[Event "9.Open Internacional de Sants"]
[Site "Barcelona ESP"]
[Date "2007.08.27"]
[Round "4.14"]
[White "Marin, Mihail"]
[Black "Tsarouhas, Konstantinos"]
[Result "1-0"]
[WhiteElo "2533"]
[BlackElo "2283"]
[PlyCount "35"]
[EventDate "2007.08.24"]
[EventType "swiss"]
[EventRounds "10"]
[EventCountry "ESP"]
[Source "lmi"]
[SourceDate "2007.08.24"]

1. c4 c5 2. Nf3 Nc6 3. d4 cxd4 4. Nxd4 Nf6 5. Nc3 g6 6. e4 d6 7. Be2 Bg7 8. Be3
O-O 9. O-O Bd7 10. Qd2 Ng4 11. Bxg4 Bxg4 12. f4 Bd7 13. Rad1 Re8 14. f5 Nxd4
15. Bxd4 Bxd4+ 16. Qxd4 Qb6 17. c5 Qxb2 18. cxd6 1-0

[Event "9.Open Internacional de Sants"]
[Site "Barcelona ESP"]
[Date "2007.08.27"]
[Round "4.15"]
[White "Gonzalez Rodriguez, Jorge A"]
[Black "Picard, Romain"]
[Result "1-0"]
[WhiteElo "2432"]
[BlackElo "2309"]
[PlyCount "81"]
[EventDate "2007.08.24"]
[EventType "swiss"]
[EventRounds "10"]
[EventCountry "ESP"]
[Source "lmi"]
[SourceDate "2007.08.24"]

1. b3 b6 2. Bb2 Bb7 3. e3 e6 4. Nf3 Nf6 5. g3 c5 6. Bg2 Be7 7. O-O O-O 8. c4
Qc7 9. d4 cxd4 10. exd4 d5 11. Nbd2 dxc4 12. bxc4 Nbd7 13. Re1 Rfe8 14. Qb3
Rac8 15. Rac1 Qb8 16. h4 Qa8 17. Bh3 h6 18. Re3 a6 19. a4 Rb8 20. Rf1 Bf8 21.
Ba3 b5 22. axb5 Bxa3 23. Qxa3 axb5 24. c5 Qxa3 25. Rxa3 b4 26. Rb3 Bd5 27. Rb2
b3 28. Rc1 Rb4 29. Bf1 Nb8 30. Bc4 Nc6 31. Rxb3 Ra8 32. Rxb4 Nxb4 33. Ne5 Bxc4
34. Ndxc4 Nfd5 35. Nb6 Rd8 36. Nxd5 Nxd5 37. Rb1 Nc3 38. Rb7 f6 39. Nc6 Ra8 40.
Ne7+ Kf8 41. c6 1-0

[Event "9.Open Internacional de Sants"]
[Site "Barcelona ESP"]
[Date "2007.08.27"]
[Round "4.16"]
[White "Moser, Eva"]
[Black "Kalaitzoglou, Panayotis"]
[Result "1-0"]
[WhiteElo "2424"]
[BlackElo "2181"]
[PlyCount "39"]
[EventDate "2007.08.24"]
[EventType "swiss"]
[EventRounds "10"]
[EventCountry "ESP"]
[Source "lmi"]
[SourceDate "2007.08.24"]

1. e4 e6 2. d4 d5 3. Nc3 Nf6 4. e5 Nfd7 5. f4 c5 6. Nf3 Nc6 7. Be3 a6 8. Qd2 b5
9. a3 Qb6 10. Ne2 Be7 11. dxc5 Bxc5 12. Nfd4 Nxd4 13. Nxd4 Qc7 14. Bd3 Be7 15.
O-O Nc5 16. Qc3 Qb7 17. Nxb5 Ne4 18. Nc7+ Kf8 19. Qa5 Rb8 20. Nxa6 1-0

[Event "9.Open Internacional de Sants"]
[Site "Barcelona ESP"]
[Date "2007.08.27"]
[Round "4.17"]
[White "Shaw, David A"]
[Black "Vydeslaver, Alik"]
[Result "1/2-1/2"]
[WhiteElo "2219"]
[BlackElo "2404"]
[PlyCount "32"]
[EventDate "2007.08.24"]
[EventType "swiss"]
[EventRounds "10"]
[EventCountry "ESP"]
[Source "lmi"]
[SourceDate "2007.08.24"]

1. e4 c5 2. Nf3 d6 3. d4 cxd4 4. Nxd4 Nf6 5. Nc3 Nc6 6. f3 e5 7. Nb3 Be7 8. Be3
a5 9. a4 O-O 10. Nd5 Nxd5 11. exd5 Nb8 12. Qd2 Nd7 13. Bb5 b6 14. O-O Nc5 15.
Nxc5 bxc5 16. f4 exf4 1/2-1/2

[Event "9.Open Internacional de Sants"]
[Site "Barcelona ESP"]
[Date "2007.08.27"]
[Round "4.18"]
[White "Panelo, Marcelo"]
[Black "Bruned, Boris"]
[Result "1-0"]
[WhiteElo "2382"]
[BlackElo "2182"]
[PlyCount "67"]
[EventDate "2007.08.24"]
[EventType "swiss"]
[EventRounds "10"]
[EventCountry "ESP"]
[Source "lmi"]
[SourceDate "2007.08.24"]

1. d4 Nf6 2. c4 e6 3. Nf3 b6 4. g3 Ba6 5. b3 Bb4+ 6. Bd2 Be7 7. Bg2 c6 8. O-O
d5 9. Ne5 Nfd7 10. Nxd7 Nxd7 11. Bc3 O-O 12. Nd2 Rc8 13. e4 b5 14. Re1 dxc4 15.
bxc4 bxc4 16. Qa4 Bb5 17. Qc2 Re8 18. a4 Ba6 19. Rad1 Bf8 20. h4 c5 21. d5 exd5
22. exd5 Rxe1+ 23. Rxe1 Nb6 24. Ne4 h6 25. d6 Nd5 26. Ng5 hxg5 27. Bxd5 Qxd6
28. Qf5 Rc7 29. Re8 Qd7 30. Qe5 Qxe8 31. Qxe8 gxh4 32. Bxg7 Kxg7 33. Qe5+ f6
34. Qxc7+ 1-0

[Event "9.Open Internacional de Sants"]
[Site "Barcelona ESP"]
[Date "2007.08.27"]
[Round "4.20"]
[White "Hernando Rodrigo, Jose Maria"]
[Black "Coll Ortega, Jordi"]
[Result "0-1"]
[WhiteElo "2336"]
[BlackElo "2105"]
[PlyCount "60"]
[EventDate "2007.08.24"]
[EventType "swiss"]
[EventRounds "10"]
[EventCountry "ESP"]
[Source "lmi"]
[SourceDate "2007.08.24"]

1. d4 d5 2. c4 c6 3. Nc3 Nf6 4. Nf3 e6 5. Bg5 h6 6. Bxf6 Qxf6 7. Qb3 a5 8. a3
dxc4 9. Qxc4 g6 10. e4 Bg7 11. e5 Qe7 12. Ne4 O-O 13. Bd3 Rd8 14. Rd1 b6 15.
Qc1 Bb7 16. h4 Na6 17. Qf4 c5 18. Nf6+ Kh8 19. h5 g5 20. Nxg5 Rxd4 21. Be4 hxg5
22. Qxg5 Rxd1+ 23. Kxd1 Bxe4 24. Rh3 Bxf6 25. exf6 Qd6+ 26. Ke1 Rg8 27. Qe3 Bh7
28. Rg3 Rxg3 29. fxg3 Qd3 30. Qg5 Qe4+ 0-1

[Event "9.Open Internacional de Sants"]
[Site "Barcelona ESP"]
[Date "2007.08.28"]
[Round "5.1"]
[White "Sulskis, Sarunas"]
[Black "Sulashvili, Malkhaz"]
[Result "1/2-1/2"]
[WhiteElo "2537"]
[BlackElo "2437"]
[PlyCount "120"]
[EventDate "2007.08.24"]
[EventType "swiss"]
[EventRounds "10"]
[EventCountry "ESP"]
[Source "lmi"]
[SourceDate "2007.08.24"]

1. e4 c6 2. d4 d5 3. exd5 cxd5 4. c4 Nf6 5. Nc3 e6 6. Nf3 Bb4 7. cxd5 Nxd5 8.
Bd2 Nc6 9. Bd3 Nf6 10. O-O O-O 11. Bg5 h6 12. Bf4 Bd6 13. Be5 b6 14. Qe2 Bb7
15. Ba6 Bxa6 16. Qxa6 Nb4 17. Qa4 Nbd5 18. Rac1 a6 19. Bxf6 Nxf6 20. Rfd1 b5
21. Qb3 Rc8 22. a3 Rc7 23. Rc2 Qa8 24. d5 Nxd5 25. Nxd5 Rxc2 26. Qxc2 exd5 27.
g3 Rd8 28. Nd4 Bf8 29. h4 h5 30. a4 Qb7 31. axb5 axb5 32. Qe2 g6 33. Qxb5 Qxb5
34. Nxb5 Bg7 35. b3 d4 36. Rd3 Rb8 37. Na3 f5 38. Kf1 Kf7 39. Nc2 Rc8 40. Rd2
Bh6 41. f4 Rc3 42. Kg2 d3 43. Ne1 Rxb3 44. Nxd3 Bg7 45. Nf2 Rb7 46. Nd3 Rb3 47.
Rd1 Rb7 48. Ne1 Bf6 49. Nf3 Rb2+ 50. Kf1 Rb3 51. Ke2 Rb2+ 52. Ke3 Rb3+ 53. Rd3
Rxd3+ 54. Kxd3 Ke6 55. Kc4 Kd6 56. Nd4 Bxd4 57. Kxd4 Ke6 58. Kc5 Ke7 59. Kd5
Kd7 60. Ke5 Ke7 1/2-1/2

[Event "9.Open Internacional de Sants"]
[Site "Barcelona ESP"]
[Date "2007.08.28"]
[Round "5.2"]
[White "Pinter, Jozsef"]
[Black "Hernando Rodrigo, Julio Antonio"]
[Result "1-0"]
[WhiteElo "2535"]
[BlackElo "2361"]
[PlyCount "75"]
[EventDate "2007.08.24"]
[EventType "swiss"]
[EventRounds "10"]
[EventCountry "ESP"]
[Source "lmi"]
[SourceDate "2007.08.24"]

1. d4 Nf6 2. c4 e6 3. Nf3 Bb4+ 4. Bd2 a5 5. g3 d5 6. a3 Bxd2+ 7. Nbxd2 O-O 8.
Bg2 b6 9. O-O c5 10. Rc1 Na6 11. cxd5 exd5 12. Ne5 Qe8 13. e3 Rb8 14. Re1 Bb7
15. Qc2 Nc7 16. Bh3 Ne6 17. Qd1 Rd8 18. Nb1 Ne4 19. Nc3 f6 20. Nf3 N6g5 21. Bg2
Nxf3+ 22. Bxf3 f5 23. Bg2 c4 24. a4 Bc6 25. Ra1 Qe7 26. Qc2 Qd6 27. b3 cxb3 28.
Qxb3 Nxc3 29. Qxc3 Qd7 30. Qb3 Rf6 31. Qxb6 Bxa4 32. Qxa5 Bc2 33. Rac1 Be4 34.
Rc7 Qe8 35. f3 Bd3 36. Qc3 Qb5 37. Rc5 Qa6 38. Ra1 1-0

[Event "9.Open Internacional de Sants"]
[Site "Barcelona ESP"]
[Date "2007.08.28"]
[Round "5.3"]
[White "Alsina Leal, Daniel"]
[Black "Feller, Sebastien"]
[Result "1/2-1/2"]
[WhiteElo "2416"]
[BlackElo "2478"]
[PlyCount "126"]
[EventDate "2007.08.24"]
[EventType "swiss"]
[EventRounds "10"]
[EventCountry "ESP"]
[Source "lmi"]
[SourceDate "2007.08.24"]

1. e4 e5 2. Nf3 Nc6 3. Bb5 Nf6 4. O-O Nxe4 5. d4 Nd6 6. Bxc6 dxc6 7. dxe5 Nf5
8. Qxd8+ Kxd8 9. Nc3 Bd7 10. b3 Be7 11. Bg5 f6 12. exf6 gxf6 13. Bf4 Bd6 14.
Bxd6 cxd6 15. Ne4 Rf8 16. c4 Kc7 17. Rad1 Rae8 18. Rfe1 c5 19. Nc3 Bc6 20. Nd5+
Bxd5 21. Rxd5 Nd4 22. Rxe8 Rxe8 23. Rh5 Re7 24. Kf1 Nxf3 25. gxf3 Kc6 26. Rh6
Rf7 27. Rh5 b5 28. cxb5+ Kxb5 29. Ke2 a5 30. Kd3 a4 31. Kc3 Re7 32. Rh6 d5 33.
Rxf6 a3 34. Rf5 d4+ 35. Kd2 Rg7 36. Rf8 Rg2 37. Rb8+ Ka6 38. Ke2 Ka5 39. h4 Rg1
40. Kd2 Rf1 41. Ra8+ Kb5 42. Ke2 Rb1 43. f4 c4 44. bxc4+ Kxc4 45. Rxa3 Rh1 46.
f5 Rxh4 47. Rf3 Re4+ 48. Kd2 Re7 49. f6 Rf7 50. a4 h5 51. a5 h4 52. Ke2 h3 53.
Rxh3 Rxf6 54. Ra3 Kb4 55. Ra1 Kc3 56. Rc1+ Kb4 57. Ra1 Kc3 58. Rc1+ Kb4 59. a6
Rxa6 60. Kd3 Rf6 61. Rc2 Rf4 62. Rc4+ Kb5 63. Rxd4 Rxf2 1/2-1/2

[Event "9.Open Internacional de Sants"]
[Site "Barcelona ESP"]
[Date "2007.08.28"]
[Round "5.4"]
[White "Nijboer, Friso"]
[Black "Groffen, Hans"]
[Result "1-0"]
[WhiteElo "2568"]
[BlackElo "2147"]
[PlyCount "119"]
[EventDate "2007.08.24"]
[EventType "swiss"]
[EventRounds "10"]
[EventCountry "ESP"]
[Source "lmi"]
[SourceDate "2007.08.24"]

1. e4 e6 2. d4 d5 3. Nc3 Nf6 4. e5 Nfd7 5. f4 c5 6. Nf3 Nc6 7. Be3 Qb6 8. Na4
Qa5+ 9. c3 c4 10. b4 Qc7 11. Be2 Be7 12. O-O Nf8 13. Qd2 Bd8 14. Nb2 Ne7 15. a4
b6 16. Bd1 a6 17. Bc2 h5 18. Bf2 Nf5 19. g3 Be7 20. Nd1 Bd7 21. Ne1 O-O-O 22.
Ng2 g6 23. Ne1 Nh7 24. Nf3 Kb7 25. Be1 Rdg8 26. Qg2 Ka7 27. Bd2 Qd8 28. h4 Qc7
29. Ng5 Nh6 30. Ne3 Bc8 31. Bd1 Nf8 32. Bc1 Kb8 33. Bf3 Bb7 34. Ra2 Nd7 35. Qh3
Nf8 36. b5 a5 37. Rh2 Ka7 38. Qg2 Qd7 39. Rh3 Kb8 40. Qh2 Ka7 41. Kf2 Qe8 42.
Qh1 Qd7 43. Ke1 Kb8 44. Rf2 Ka7 45. Rfh2 Nh7 46. Kd1 Rc8 47. Qg2 Nf8 48. g4
hxg4 49. Nxg4 Nf5 50. Qf2 Qe8 51. h5 gxh5 52. Rxh5 Rxh5 53. Rxh5 Ng6 54. Rh7
Qg8 55. Nf6 Bxf6 56. exf6 Nd6 57. Qh2 Ka8 58. Qh5 Qe8 59. Nxf7 Nxf7 60. Qxg6
1-0

[Event "9.Open Internacional de Sants"]
[Site "Barcelona ESP"]
[Date "2007.08.28"]
[Round "5.5"]
[White "Moskalenko, Viktor"]
[Black "Gonzalez Rodriguez, Jorge A"]
[Result "1/2-1/2"]
[WhiteElo "2560"]
[BlackElo "2432"]
[PlyCount "87"]
[EventDate "2007.08.24"]
[EventType "swiss"]
[EventRounds "10"]
[EventCountry "ESP"]
[Source "lmi"]
[SourceDate "2007.08.24"]

1. d4 d5 2. c4 c6 3. Nf3 Nf6 4. e3 e6 5. Bd3 Nbd7 6. O-O dxc4 7. Bxc4 Bd6 8.
Nc3 O-O 9. e4 e5 10. Bg5 exd4 11. Nxd4 Ne5 12. Be2 h6 13. Bxf6 Qxf6 14. f4 Bc5
15. Kh1 Ng4 16. Bxg4 Qxd4 17. Bxc8 Raxc8 18. Qb3 Qb4 19. Qc2 Bd4 20. e5 Bxc3
21. bxc3 Qc4 22. Qb3 Qxb3 23. axb3 a6 24. Rfd1 Rfd8 25. Kg1 Kf8 26. Kf2 Ke7 27.
Ke3 Rxd1 28. Rxd1 Rd8 29. Rxd8 Kxd8 30. g4 Ke7 31. f5 a5 32. h4 g6 33. h5 gxh5
34. gxh5 b6 35. Kd3 Kd7 36. Kc2 Kc7 37. Kb2 Kd7 38. Ka3 b5 39. Kb2 Kc7 40. Kc2
Kd7 41. Kd3 Ke8 42. Kd4 Ke7 43. Kd3 Kf8 44. e6 1/2-1/2